000 00455cam a22001457a 4500
008 180718b1995 xxu||||| |||| 00| 0 eng d
082 _aI5 C737p
245 _aPerformance contracts: a handbook for managers
_cby Commonwealth Secretariat
260 _aLondon
_bCommonwealth Secretariat
_c1995
300 _a161p.
650 _aPublic sector enterprises
650 _aManagement sciences
650 _aPerformance
700 _aU.K. Commonwealth Secretariat
999 _c482192
_d482192